000 00421nam a2200169Ia 4500
008 230711s9999||||xx |||||||||||||| ||und||
020 _a978-81-224-3627-3
041 _aDOI
082 _a621.382
_bKU-S
100 _aKumar,B
245 0 _aSignals and systems
250 _a2nd Ed.
260 _c2014
_aNew Delhi
_bNew Age International Publishers
300 _a703p.
650 _aElectronics Engineering
942 _cBK
999 _c6312
_d6312